000 00602nam a22001937a 4500
005 20130812112254.0
010 _aENG-108166
020 _a9781107600829
_c295.00
035 _aEN-91699
037 _bDBAD/PUB
082 _a160
100 _aFisher, Alec
245 1 0 _aCritical thinking :
_cby Alec Fisher
_ban introduction /
260 _aNew Delhi
_bCambridge University Press
_c2012(repr.)
270 _a4381/4, Ansari Road, Daryaganj
_bNew Delhi
_e110002
300 _a249p.
_c24cm(pbk)
500 _aIncludes bibliographical references and index
942 _2ddc
_cEN
_mFIS
_h160
999 _c78144
_d78144